000 00490nam a2200181Ia 4500
008 240925s9999 xx 000 0 und d
020 _a70316228
082 _a004.35 MCD
100 _aMc Daniel, George
245 0 _aIBM Dictionary of Computing
250 _aNA
260 _aNew York:
_bMcGraw-Hill
_c,1994.
300 _axxii, 522p.
_bNA
_fOriginal
500 _aIncludes Index
600 _aComputer Science
650 _aComputer science, information & general works
942 _cBK
999 _c2603
_d2603